Statistics for Most Common Languages In Uusimaa

Click here to take the quiz!

General Stats

  • This quiz has been taken 14 times
  • The average score is 4 of 6

Answer Stats

%Language% Correct
78.2Finnish
100%
7.7Swedish
100%
2.4Russian
90%
2.0Estonian
70%
1.0Arabic
40%
1.0Somali
20%

Score Distribution

Percentile by Number Answered

Percent of People with Each Score

Your Score History

You have not taken this quiz